Score 0/10 Timer 01:30
0 Plays Today
% Correct
Hogwarts Houses
82.9%
Movies in original Harry Potter film series
81.4%
Survivors of the Killing Curse
79.5%
Deathly Hallows
75.6%
Weasleys from the Burrow
74.7%
Points a Quaffle shot is worth in Quidditch
74.5%
Pubs in Hogsmeade
70.3%
Horcruxes Voldemort intentionally made
69.3%
Years to graduate from Hogwarts
65.2%
NEWT subjects required to become an Auror
58.8%

Today's Daily Dose

Remove Ads.
Support Sporcle.
Get the best of Sporcle when you Go Orange. This ad-free experience offers more features, more stats, and more fun while also helping to support Sporcle. Thank you for becoming a member.

You're not logged in!

Compare scores with friends on all Sporcle quizzes.
OR
Log In

Show Comments

Extras

Top Quizzes Today


Score Distribution

Your Account Isn't Verified!

In order to create a playlist on Sporcle, you need to verify the email address you used during registration. Go to your Sporcle Settings to finish the process.

Report this User

Report this user for behavior that violates our Community Guidelines.

Details: